Statistiques concernant Littérature commençant par la lettre J

Cliquez ici pour prendre le quiz!

Statistiques générales

  • Ce quiz a été pris 934 fois
  • Le résultat moyen est 11 sur 20

Statistiques - réponses

IndicesRéponses% Correct
Elle aime RoméoJuliette
100%
Avec les Argonautes, il a conquis la ToisonJason
87%
Ennemi de BatmanJoker
86%
Époux de cette dernièreJupiter
85%
Poète français du XIXème et XXème siècle notamment remarqué par Gide et Mallarmé, inspiré par les ânes, les femmes et l'humilitéFrancis Jammes
84%
Agent secret beaucoup plus connu pour sa carrière cinématographique que littéraire (prénom et nom)James Bond
80%
Héra chez les RomainsJunon
76%
Kipling en a écrit le LivreJungle
73%
Véritable identité de Lord VoldemortTom Jedusor
69%
Inspecteur de police dans Les MisérablesJavert
53%
Criquet ami de Pinocchio créé par Disney qui n'apparaît pas dans l'oeuvre originaleJiminy
52%
Mère de AntigoneJocaste
41%
Pièce de Marivaux de badinages amoureux entre Silvia et Dorante et Lisette et ArlequinLe {Jeu de l'amour et du hasard}
41%
Identité du Bourgeois GentilhommeMonsieur Jourdain
40%
Auteur du Sac de billesJoseph Joffo
38%
Ami de PirlouitJohan
32%
Ami humain de WinnieJean-Christophe
27%
Roman de Roal Dahl avec un énorme fruitJames et la Grosse Pêche
24%
Elle fait partie des LégendairesJadina
13%
Inspecteur ami de Hercule Poirot qui enquête souvent à ses côtésInspecteur James Japp
11%

Distribution des résultats

Percentile par nombre de réponses

% des personnes avec chaque résultat

Votre développement - résultats

Vous n’avez pas pris ce quiz